Analýza indexu burzy cenných papierov Praha pomocou metodológie skrytého Markovovho modelu
Aplikácia skrytého Markovovho modeul na finančnom časovacom rade zatváracieho kurzu akciového indexu Burzy cenných papierov Praha, označovaného skratkou PX. Model je odhadnutý pomocou softvéru Matlab konkrétne Statistics and Machine Learning Toolbox.
Guardado en:
| Autor principal: | |
|---|---|
| Formato: | Capítulo de libro |
| Lenguaje: | eslovaco |
| Materias: | |
| Etiquetas: |
Sin Etiquetas, Sea el primero en etiquetar este registro!
|
MARC
| LEADER | 00000naa$a2200000$$$4500 | ||
|---|---|---|---|
| 001 | 0249552 | ||
| 005 | 20240502074006.9 | ||
| 041 | 0 | |a slo | |
| 044 | |a SK | ||
| 245 | 1 | 0 | |a Analýza indexu burzy cenných papierov Praha pomocou metodológie skrytého Markovovho modelu |c Marian Reiff |
| 520 | |a Aplikácia skrytého Markovovho modeul na finančnom časovacom rade zatváracieho kurzu akciového indexu Burzy cenných papierov Praha, označovaného skratkou PX. Model je odhadnutý pomocou softvéru Matlab konkrétne Statistics and Machine Learning Toolbox. | ||
| 610 | 2 | 0 | |a burzovníctvo |
| 610 | 2 | 0 | |a burzy cenných papierov |
| 610 | 2 | 0 | |a modelovanie finančné |
| 610 | 2 | 0 | |a rady časové |
| 610 | 2 | 0 | |a investori |
| 610 | 2 | 0 | |a rozhodovanie investičné |
| 100 | 1 | |a Reiff, Marian, 1978- | |